[Event "Steinthor Baldursson memorial 2018"]
[Site "?"]
[Date "2018.01.05"]
[Round "3"]
[White "Mai, Aron Thor"]
[Black "Johannsson, Birkir Isak"]
[Result "1/2-1/2"]
[WhiteElo "2066"]
[BlackElo "1760"]
[PlyCount "33"]
[EventDate "2018.??.??"]
[EventType "swiss"]
[EventCountry "ISL"]
[SourceTitle "Kopavogur"]
[TimeControl "5400+30"]
[WhiteClock "0:50:40"]
[BlackClock "0:27:59"]

1. e4 {[%emt 0:00:00]} c5 {[%emt 0:12:18]} 2. d3 {[%emt 0:00:00]} Nc6 {[%emt 0:00:13]} 3. Be2 {[%emt 0:00:00]} g6 {[%emt 0:01:28]} 4. f4 {[%emt 0:00:00]} Bg7 {[%emt 0:00:15]} 5. Nf3 {[%emt 0:00:00]} e6 {[%emt 0:00:30]} 6. O-O {[%emt 0:00:07]} Nge7 {[%emt 0:00:05]} 7. Qe1 {[%emt 0:00:06]} O-O {[%emt 0:00:34]} 8. Qh4 {[%emt 0:00:42]} d6 {[%emt 0:04:11]} 9. c3 {[%emt 0:02:44]} b6 {[%emt 0:03:31]} 10. Na3 {[%emt 0:05:10]} Bb7 {[%emt 0:03:58]} 11. Ng5 {[%emt 0:07:12]} h6 {[%emt 0:00:19]} 12. Nh3 {[%emt 0:00:01]} f5 {[%emt 0:00:56]} 13. g4 {[%emt 0:07:29]} Qe8 {[%emt 0:06:01]} 14. Bd1 {[%emt 0:07:31]} Na5 {[%emt 0:07:33]} 15. Qe1 {[%emt 0:15:29]} Qd7 {[%emt 0:03:25]} 16. Nf2 {[%emt 0:07:55]} Rae8 {[%emt 0:02:03]} 17. Nc2 {[%emt 0:16:05]} 1/2-1/2

[Event "Steinthor Baldursson memorial 2018"]
[Site "?"]
[Date "2018.01.05"]
[Round "3"]
[White "Eydsteinsson, Silas"]
[Black "Briem, Benedikt"]
[Result "*"]
[WhiteElo "2035"]
[BlackElo "1464"]
[PlyCount "81"]
[EventDate "2018.??.??"]
[EventType "swiss"]
[EventCountry "ISL"]
[SourceTitle "Kopavogur"]
[TimeControl "5400+30"]
[WhiteClock "0:49:29"]
[BlackClock "0:11:05"]

1. Nf3 {[%emt 0:00:00]} c5 {[%emt 0:00:00]} 2. g3 {[%emt 0:00:15]} d6 {[%emt 0:00:00]} 3. Bg2 {[%emt 0:00:07]} Nc6 {[%emt 0:00:00]} 4. d3 {[%emt 0:00:21]} e5 {[%emt 0:00:00]} 5. e4 {[%emt 0:00:44]} g6 {[%emt 0:00:14]} 6. O-O {[%emt 0:00:49]} h6 {[%emt 0:00:28]} 7. c3 {[%emt 0:02:23]} Bg7 {[%emt 0:00:08]} 8. Qe1 {[%emt 0:11:13]} Nge7 {[%emt 0:00:33]} 9. Nfd2 {[%emt 0:02:25]} O-O {[%emt 0:00:54]} 10. f4 {[%emt 0:02:23]} f5 {[%emt 0:02:37]} 11. a4 {[%emt 0:06:21]} Be6 {[%emt 0:02:56]} 12. Nc4 {[%emt 0:10:45]} exf4 {[%emt 0:05:30]} 13. Bxf4 {[%emt 0:22:55]} Bxc4 {[%emt 0:06:48]} 14. dxc4 {[%emt 0:00:28]} g5 {[%emt 0:04:14]} 15. Be3 {[%emt 0:07:26]} Ne5 {[%emt 0:07:53]} 16. Qe2 {[%emt 0:04:38]} Qc7 {[%emt 0:02:49]} 17. Nd2 {[%emt 0:06:15]} Ng4 {[%emt 0:02:48]} 18. exf5 {[%emt 0:01:05]} Nxe3 {[%emt 0:01:46]} 19. Qxe3 {[%emt 0:00:27]} Be5 {[%emt 0:04:26]} 20. Qd3 {[%emt 0:04:21]} Rf7 {[%emt 0:04:01]} 21. Rf2 {[%emt 0:01:32]} Qd7 {[%emt 0:00:58]} 22. Be4 {[%emt 0:03:46]} Raf8 {[%emt 0:00:28]} 23. Nf1 {[%emt 0:00:26]} Rxf5 {[%emt 0:02:32]} 24. Bxf5 {[%emt 0:00:46]} Nxf5 {[%emt 0:00:21]} 25. Ne3 {[%emt 0:01:39]} Nxe3 {[%emt 0:01:02]} 26. Rxf8+ {[%emt 0:00:09]} Kxf8 {[%emt 0:00:06]} 27. Qxe3 {[%emt 0:00:08]} Qe6 {[%emt 0:00:36]} 28. Qf3+ {[%emt 0:00:40]} Kg7 {[%emt 0:01:05]} 29. Qxb7+ {[%emt 0:00:10]} Kg6 {[%emt 0:00:15]} 30. Qe4+ {[%emt 0:00:30]} Kg7 {[%emt 0:00:21]} 31. Kg2 {[%emt 0:00:18]} h5 {[%emt 0:00:36]} 32. Rf1 {[%emt 0:00:24]} Qg4 {[%emt 0:01:14]} 33. Qxg4 {[%emt 0:01:35]} hxg4 {[%emt 0:00:01]} 34. h3 {[%emt 0:00:08]} gxh3+ {[%emt 0:00:11]} 35. Kxh3 {[%emt 0:00:02]} Bf6 {[%emt 0:00:23]} 36. Kg4 {[%emt 0:00:08]} Kg6 {[%emt 0:00:15]} 37. Ra1 {[%emt 0:01:00]} a5 {[%emt 0:00:56]} 38. Ra3 {[%emt 0:00:06]} Be7 {[%emt 0:00:29]} 39. Rb3 {[%emt 0:00:04]} Bd8 {[%emt 0:00:18]} 40. Rb8 {[%emt 0:00:03]} Bc7 {[%emt 0:00:19]} 41. Rc8 *

[Event "Steinthor Baldursson memorial 2018"]
[Site "?"]
[Date "2018.01.05"]
[Round "3"]
[White "Mai, Alexander Oliver"]
[Black "Fjallheim, Leif Reinert"]
[Result "1-0"]
[WhiteElo "1970"]
[BlackElo "1720"]
[PlyCount "73"]
[EventDate "2018.??.??"]
[EventType "swiss"]
[EventCountry "ISL"]
[SourceTitle "Kopavogur"]
[TimeControl "5400+30"]
[WhiteClock "0:00:42"]
[BlackClock "0:20:14"]

1. Nf3 {[%emt 0:00:00]} Nf6 {[%emt 0:00:00]} 2. g3 {[%emt 0:00:03]} g6 {[%emt 0:00:11]} 3. Bg2 {[%emt 0:00:05]} Bg7 {[%emt 0:00:08]} 4. O-O {[%emt 0:00:08]} O-O {[%emt 0:01:50]} 5. c4 {[%emt 0:00:21]} d6 {[%emt 0:01:20]} 6. Nc3 {[%emt 0:00:30]} e5 {[%emt 0:07:20]} 7. d3 {[%emt 0:00:10]} Nc6 {[%emt 0:01:29]} 8. Bd2 {[%emt 0:04:06]} Nd7 {[%emt 0:13:42]} 9. Rb1 {[%emt 0:03:36]} f5 {[%emt 0:02:52]} 10. Bg5 {[%emt 0:04:20]} Nf6 {[%emt 0:02:40]} 11. Nd5 {[%emt 0:02:16]} Ne7 {[%emt 0:04:01]} 12. Nxf6+ {[%emt 0:05:13]} Bxf6 {[%emt 0:00:16]} 13. Bxf6 {[%emt 0:00:22]} Rxf6 {[%emt 0:00:13]} 14. Nd2 {[%emt 0:01:02]} g5 {[%emt 0:15:10]} 15. d4 {[%emt 0:22:28]} exd4 {[%emt 0:05:26]} 16. Nf3 {[%emt 0:00:40]} h6 {[%emt 0:04:32]} 17. Nxd4 {[%emt 0:01:35]} Ng6 {[%emt 0:08:43]} 18. b3 {[%emt 0:07:56]} c6 {[%emt 0:01:59]} 19. e3 {[%emt 0:03:00]} Qe7 {[%emt 0:05:43]} 20. Qd2 {[%emt 0:01:40]} Bd7 {[%emt 0:01:22]} 21. Rbe1 {[%emt 0:01:17]} c5 {[%emt 0:09:59]} 22. Bxb7 {[%emt 0:02:04]} Re8 {[%emt 0:02:47]} 23. Bd5+ {[%emt 0:00:50]} Kh7 {[%emt 0:01:52]} 24. Ne2 {[%emt 0:02:30]} h5 {[%emt 0:04:20]} 25. Nc3 {[%emt 0:01:52]} h4 {[%emt 0:02:21]} 26. f4 {[%emt 0:01:38]} g4 {[%emt 0:00:39]} 27. Bg2 {[%emt 0:01:15]} h3 {[%emt 0:00:58]} 28. Bh1 {[%emt 0:01:22]} Be6 {[%emt 0:01:03]} 29. e4 {[%emt 0:00:44]} Qd7 {[%emt 0:00:41]} 30. exf5 {[%emt 0:02:30]} Bxf5 {[%emt 0:00:47]} 31. Ne4 {[%emt 0:00:30]} Bxe4 {[%emt 0:00:32]} 32. Bxe4 {[%emt 0:00:05]} Kg7 {[%emt 0:00:29]} 33. f5 {[%emt 0:02:02]} Rxe4 {[%emt 0:00:17]} 34. Rxe4 {[%emt 0:00:31]} Rxf5 {[%emt 0:00:12]} 35. Rfe1 {[%emt 0:08:35]} Rf6 {[%emt 0:01:01]} 36. Qg5 {[%emt 0:00:49]} Qb7 {[%emt 0:00:23]} 37. Re7+ {[%emt 0:00:11]} 1-0

[Event "Steinthor Baldursson memorial 2018"]
[Site "?"]
[Date "2018.01.05"]
[Round "3"]
[White "Bannout, Edvin"]
[Black "Apol, Luitjen Akselsson"]
[Result "1/2-1/2"]
[WhiteElo "1869"]
[BlackElo "1600"]
[PlyCount "119"]
[EventDate "2018.??.??"]
[EventType "swiss"]
[EventCountry "ISL"]
[SourceTitle "Kopavogur"]
[TimeControl "5400+30"]
[WhiteClock "0:00:46"]
[BlackClock "0:03:59"]

1. e4 {[%emt 0:00:00]} c5 {[%emt 0:00:03]} 2. Nf3 {[%emt 0:00:00]} d6 {[%emt 0:00:09]} 3. c3 {[%emt 0:00:04]} Nf6 {[%emt 0:00:25]} 4. Be2 {[%emt 0:00:41]} Bd7 {[%emt 0:01:00]} 5. d3 {[%emt 0:00:21]} e6 {[%emt 0:01:27]} 6. O-O {[%emt 0:00:26]} Be7 {[%emt 0:00:31]} 7. Re1 {[%emt 0:01:34]} O-O {[%emt 0:01:19]} 8. Bf1 {[%emt 0:00:44]} Bc6 {[%emt 0:04:13]} 9. a4 {[%emt 0:09:06]} b6 {[%emt 0:07:31]} 10. Nbd2 {[%emt 0:02:39]} Nbd7 {[%emt 0:02:48]} 11. d4 {[%emt 0:03:33]} cxd4 {[%emt 0:05:40]} 12. cxd4 {[%emt 0:07:14]} Bb7 {[%emt 0:02:26]} 13. a5 {[%emt 0:16:42]} a6 {[%emt 0:11:39]} 14. axb6 {[%emt 0:01:54]} Qxb6 {[%emt 0:03:02]} 15. Bd3 {[%emt 0:03:15]} e5 {[%emt 0:11:55]} 16. Nc4 {[%emt 0:03:13]} Qc7 {[%emt 0:00:22]} 17. Na5 {[%emt 0:05:04]} Rfc8 {[%emt 0:09:47]} 18. Ng5 {[%emt 0:22:36]} Qb6 {[%emt 0:12:13]} 19. Bc4 {[%emt 0:07:35]} Rf8 {[%emt 0:06:56]} 20. Be3 {[%emt 0:04:00]} Nxe4 {[%emt 0:11:19]} 21. dxe5 {[%emt 0:02:51]} Ndc5 {[%emt 0:01:30]} 22. Nxb7 {[%emt 0:02:38]} Bxg5 {[%emt 0:02:58]} 23. Nxd6 {[%emt 0:01:39]} Bxe3 {[%emt 0:01:09]} 24. Rxe3 {[%emt 0:00:41]} Nxd6 {[%emt 0:00:08]} 25. exd6 {[%emt 0:00:58]} Rad8 {[%emt 0:00:39]} 26. Qc2 {[%emt 0:01:26]} Qxd6 {[%emt 0:00:34]} 27. Rh3 {[%emt 0:00:20]} g6 {[%emt 0:00:25]} 28. b4 {[%emt 0:00:37]} Qd4 {[%emt 0:00:57]} 29. Re1 {[%emt 0:01:11]} Nb7 {[%emt 0:00:35]} 30. Bxa6 {[%emt 0:01:18]} Qb6 {[%emt 0:00:35]} 31. Bc4 {[%emt 0:00:26]} Rc8 {[%emt 0:00:22]} 32. Rf3 {[%emt 0:00:32]} Nd6 {[%emt 0:00:31]} 33. Rf4 {[%emt 0:00:25]} Qxb4 {[%emt 0:00:38]} 34. Bxf7+ {[%emt 0:00:25]} Nxf7 {[%emt 0:00:06]} 35. Qe4 {[%emt 0:00:51]} Qxe4 {[%emt 0:00:13]} 36. Rfxe4 {[%emt 0:00:04]} Kg7 {[%emt 0:00:45]} 37. h4 {[%emt 0:00:13]} Rc5 {[%emt 0:00:35]} 38. g4 {[%emt 0:00:38]} Rc3 {[%emt 0:00:39]} 39. Kg2 {[%emt 0:00:09]} Nd6 {[%emt 0:00:38]} 40. Re6 {[%emt 0:00:21]} Nc4 {[%emt 0:00:28]} 41. R1e2 {[%emt 0:00:09]} Rf7 {[%emt 0:00:16]} 42. Kh2 {[%emt 0:01:13]} Na5 {[%emt 0:00:24]} 43. h5 {[%emt 0:00:22]} gxh5 {[%emt 0:00:15]} 44. gxh5 {[%emt 0:00:03]} h6 {[%emt 0:01:07]} 45. Kg2 {[%emt 0:00:27]} Nb3 {[%emt 0:00:17]} 46. Rg6+ {[%emt 0:00:08]} Kh7 {[%emt 0:00:10]} 47. Ree6 {[%emt 0:00:13]} Rcf3 {[%emt 0:00:40]} 48. Rxh6+ {[%emt 0:00:08]} Kg7 {[%emt 0:00:11]} 49. Rhg6+ {[%emt 0:00:21]} Kh7 {[%emt 0:00:40]} 50. Rh6+ {[%emt 0:00:12]} Kg7 {[%emt 0:00:06]} 51. Rhg6+ {[%emt 0:00:08]} Kf8 {[%emt 0:01:08]} 52. h6 {[%emt 0:00:19]} Rxf2+ {[%emt 0:00:04]} 53. Kg3 {[%emt 0:00:27]} Nd4 {[%emt 0:01:12]} 54. Ra6 {[%emt 0:01:14]} Ne2+ {[%emt 0:00:25]} 55. Kg4 {[%emt 0:00:47]} Rg2+ {[%emt 0:00:40]} 56. Kh4 {[%emt 0:00:24]} Rh2+ {[%emt 0:00:31]} 57. Kg4 {[%emt 0:00:30]} Rf4+ {[%emt 0:00:23]} 58. Kg5 {[%emt 0:00:15]} Rg2+ {[%emt 0:00:22]} 59. Kh5 {[%emt 0:00:09]} Rh2+ {[%emt 0:00:43]} 60. Kg5 {[%emt 0:00:08]} 1/2-1/2

[Event "Steinthor Baldursson memorial 2018"]
[Site "?"]
[Date "2018.01.05"]
[Round "3"]
[White "Zarovs, Aleksandrs"]
[Black "Birkisson, Bjorn Holm"]
[Result "0-1"]
[WhiteElo "1831"]
[BlackElo "2084"]
[PlyCount "90"]
[EventDate "2018.??.??"]
[EventType "swiss"]
[EventCountry "ISL"]
[SourceTitle "Kopavogur"]
[TimeControl "5400+30"]
[WhiteClock "0:02:10"]
[BlackClock "0:00:33"]

1. e4 {[%emt 0:00:00]} g6 {[%emt 0:03:29]} 2. Nc3 {[%emt 0:01:24]} Bg7 {[%emt 0:00:20]} 3. h4 {[%emt 0:06:11]} h6 {[%emt 0:05:02]} 4. d4 {[%emt 0:00:38]} c5 {[%emt 0:00:24]} 5. dxc5 {[%emt 0:01:38]} Na6 {[%emt 0:25:16]} 6. Bxa6 {[%emt 0:02:19]} bxa6 {[%emt 0:00:16]} 7. h5 {[%emt 0:00:57]} g5 {[%emt 0:01:21]} 8. f4 {[%emt 0:12:24]} Qa5 {[%emt 0:02:59]} 9. Nge2 {[%emt 0:07:35]} Bb7 {[%emt 0:02:34]} 10. Qd3 {[%emt 0:03:08]} Nf6 {[%emt 0:01:24]} 11. Bd2 {[%emt 0:02:52]} Qxc5 {[%emt 0:01:06]} 12. O-O-O {[%emt 0:14:17]} Rb8 {[%emt 0:12:23]} 13. Be3 {[%emt 0:07:23]} Qc7 {[%emt 0:02:18]} 14. fxg5 {[%emt 0:08:35]} hxg5 {[%emt 0:03:37]} 15. Bxa7 {[%emt 0:09:59]} Rc8 {[%emt 0:02:41]} 16. Bd4 {[%emt 0:01:28]} Rxh5 {[%emt 0:10:35]} 17. Rxh5 {[%emt 0:00:46]} Nxh5 {[%emt 0:00:10]} 18. Bxg7 {[%emt 0:00:53]} Nxg7 {[%emt 0:00:19]} 19. Rh1 {[%emt 0:00:47]} Ne6 {[%emt 0:04:40]} 20. Rh8+ {[%emt 0:02:05]} Nf8 {[%emt 0:00:05]} 21. Qd4 {[%emt 0:00:49]} f6 {[%emt 0:02:52]} 22. Qd3 {[%emt 0:02:30]} Qc4 {[%emt 0:01:35]} 23. Qh3 {[%emt 0:05:18]} Qf7 {[%emt 0:00:56]} 24. Qh2 {[%emt 0:03:40]} d6 {[%emt 0:03:27]} 25. Ng3 {[%emt 0:02:53]} Rc4 {[%emt 0:05:46]} 26. Qg1 {[%emt 0:01:44]} Qe6 {[%emt 0:02:51]} 27. Qb6 {[%emt 0:00:43]} Qc8 {[%emt 0:00:16]} 28. Qe3 {[%emt 0:00:15]} Qc5 {[%emt 0:00:35]} 29. Qxc5 {[%emt 0:00:41]} Rxc5 {[%emt 0:00:05]} 30. Kd2 {[%emt 0:00:14]} Kf7 {[%emt 0:00:33]} 31. Ke3 {[%emt 0:00:23]} Kg7 {[%emt 0:02:02]} 32. Rh2 {[%emt 0:00:20]} e6 {[%emt 0:00:48]} 33. Nge2 {[%emt 0:00:48]} Re5 {[%emt 0:01:51]} 34. Kd3 {[%emt 0:00:38]} a5 {[%emt 0:00:48]} 35. Ng3 {[%emt 0:00:20]} Ba6+ {[%emt 0:00:39]} 36. Kd2 {[%emt 0:00:30]} Nd7 {[%emt 0:00:14]} 37. Nh5+ {[%emt 0:00:36]} Kg6 {[%emt 0:00:07]} 38. g4 {[%emt 0:00:29]} Nb6 {[%emt 0:01:16]} 39. b3 {[%emt 0:00:39]} d5 {[%emt 0:00:15]} 40. exd5 {[%emt 0:00:31]} Nxd5 {[%emt 0:00:34]} 41. Nxd5 {[%emt 0:00:37]} Rxd5+ {[%emt 0:00:06]} 42. Ke3 {[%emt 0:00:17]} f5 {[%emt 0:00:17]} 43. gxf5+ {[%emt 0:00:29]} exf5 {[%emt 0:00:05]} 44. c4 {[%emt 0:00:43]} Rd7 {[%emt 0:01:16]} 45. Ng3 {[%emt 0:00:31]} f4+ {[%emt 0:00:07] Kd4} 0-1

[Event "Steinthor Baldursson memorial 2018"]
[Site "?"]
[Date "2018.01.05"]
[Round "3"]
[White "Skaale, Janus"]
[Black "Jappinen, Erland"]
[Result "0-1"]
[WhiteElo "1752"]
[BlackElo "2026"]
[PlyCount "88"]
[EventDate "2018.??.??"]
[EventType "swiss"]
[EventCountry "ISL"]
[SourceTitle "Kopavogur"]
[TimeControl "5400+30"]
[WhiteClock "0:53:51"]
[BlackClock "0:01:34"]

1. e4 {[%emt 0:00:00]} c6 {[%emt 0:00:00]} 2. d4 {[%emt 0:00:00]} d5 {[%emt 0:00:00]} 3. Nc3 {[%emt 0:00:00]} dxe4 {[%emt 0:00:00]} 4. Nxe4 {[%emt 0:00:00]} Bf5 {[%emt 0:00:00]} 5. Ng3 {[%emt 0:00:00]} Bg6 {[%emt 0:00:00]} 6. Nf3 {[%emt 0:00:13]} e6 {[%emt 0:00:44]} 7. h4 {[%emt 0:00:32]} h6 {[%emt 0:00:05]} 8. h5 {[%emt 0:00:06]} Bh7 {[%emt 0:00:01]} 9. Bd3 {[%emt 0:00:09]} Bxd3 {[%emt 0:00:05]} 10. Qxd3 {[%emt 0:00:06]} Nd7 {[%emt 0:00:50]} 11. Bd2 {[%emt 0:00:21]} Ngf6 {[%emt 0:00:13]} 12. O-O-O {[%emt 0:00:10]} Bd6 {[%emt 0:00:31]} 13. Ne4 {[%emt 0:08:04]} Qc7 {[%emt 0:01:11]} 14. Kb1 {[%emt 0:23:40]} Nxe4 {[%emt 0:07:28]} 15. Qxe4 {[%emt 0:00:52]} Nf6 {[%emt 0:00:05]} 16. Qe2 {[%emt 0:03:42]} Bf4 {[%emt 0:02:01]} 17. Bxf4 {[%emt 0:08:46]} Qxf4 {[%emt 0:00:02]} 18. Ne5 {[%emt 0:00:13]} Rd8 {[%emt 0:04:15]} 19. c3 {[%emt 0:16:15]} Qe4+ {[%emt 0:01:51]} 20. Qxe4 {[%emt 0:00:02]} Nxe4 {[%emt 0:00:10]} 21. Rh4 {[%emt 0:01:11]} Nf6 {[%emt 0:01:27]} 22. g4 {[%emt 0:07:16]} c5 {[%emt 0:04:58]} 23. f4 {[%emt 0:01:15]} Nd5 {[%emt 0:06:09]} 24. dxc5 {[%emt 0:03:08]} Nxc3+ {[%emt 0:00:29]} 25. bxc3 {[%emt 0:00:10]} Rxd1+ {[%emt 0:00:08]} 26. Kc2 {[%emt 0:00:19]} Rf1 {[%emt 0:02:51]} 27. Nd3 {[%emt 0:02:48]} Ke7 {[%emt 0:00:14]} 28. g5 {[%emt 0:01:13]} hxg5 {[%emt 0:00:29]} 29. fxg5 {[%emt 0:00:03]} Rf5 {[%emt 0:00:14]} 30. Rb4 {[%emt 0:01:32]} Rb8 {[%emt 0:04:34]} 31. c6 {[%emt 0:03:40]} b6 {[%emt 0:01:51]} 32. Rd4 {[%emt 0:08:17]} Rd8 {[%emt 0:01:26]} 33. h6 {[%emt 0:05:22]} gxh6 {[%emt 0:02:54]} 34. gxh6 {[%emt 0:00:49]} Rxd4 {[%emt 0:05:00]} 35. cxd4 {[%emt 0:00:08]} Rh5 {[%emt 0:00:10]} 36. c7 {[%emt 0:02:33]} Kd7 {[%emt 0:00:29]} 37. Ne5+ {[%emt 0:00:08]} Kxc7 {[%emt 0:00:07]} 38. Nxf7 {[%emt 0:00:11]} Kd7 {[%emt 0:00:45]} 39. Ne5+ {[%emt 0:01:45]} Kd6 {[%emt 0:01:07]} 40. Kc3 {[%emt 0:02:04]} Kd5 {[%emt 0:00:28]} 41. Ng4 {[%emt 0:00:38]} Rh3+ {[%emt 0:01:34]} 42. Kc2 {[%emt 0:00:47]} Kxd4 {[%emt 0:00:26]} 43. Kd2 {[%emt 0:01:11]} Rh4 {[%emt 0:00:35]} 44. h7 {[%emt 0:00:47]} Rxh7 {[%emt 0:00:12]} 0-1

[Event "Steinthor Baldursson memorial 2018"]
[Site "?"]
[Date "2018.01.05"]
[Round "3"]
[White "Heidarsson, Arnar"]
[Black "Briem, Stephan"]
[Result "0-1"]
[WhiteElo "1592"]
[BlackElo "1890"]
[PlyCount "45"]
[EventDate "2018.??.??"]
[EventType "swiss"]
[EventCountry "ISL"]
[SourceTitle "Kopavogur"]
[TimeControl "5400+30"]
[WhiteClock "0:17:57"]
[BlackClock "0:12:29"]

1. d4 {[%emt 0:00:00]} f5 {[%emt 0:00:21]} 2. g3 {[%emt 0:00:00]} Nf6 {[%emt 0:00:23]} 3. c4 {[%emt 0:00:55]} e6 {[%emt 0:00:32]} 4. Bg2 {[%emt 0:00:29]} Be7 {[%emt 0:00:33]} 5. Nc3 {[%emt 0:01:25]} O-O {[%emt 0:00:43]} 6. Nf3 {[%emt 0:00:56]} d6 {[%emt 0:00:29]} 7. O-O {[%emt 0:02:44]} a5 {[%emt 0:01:26]} 8. Qc2 {[%emt 0:02:28]} Nc6 {[%emt 0:01:39]} 9. Rd1 {[%emt 0:05:29]} Qe8 {[%emt 0:03:14]} 10. e4 {[%emt 0:04:02]} e5 {[%emt 0:04:50]} 11. a3 {[%emt 0:09:09]} Qh5 {[%emt 0:06:11]} 12. d5 {[%emt 0:07:21]} Nb8 {[%emt 0:10:36]} 13. Re1 {[%emt 0:14:49]} Nxe4 {[%emt 0:12:39]} 14. Nxe4 {[%emt 0:00:13]} fxe4 {[%emt 0:00:10]} 15. Qxe4 {[%emt 0:00:09]} Bf5 {[%emt 0:00:35]} 16. Qe3 {[%emt 0:00:46]} Nd7 {[%emt 0:02:13]} 17. Bd2 {[%emt 0:14:59]} h6 {[%emt 0:11:02]} 18. Bc3 {[%emt 0:04:16]} Nf6 {[%emt 0:10:09]} 19. h4 {[%emt 0:12:56]} Ng4 {[%emt 0:04:03]} 20. Qc1 {[%emt 0:00:52]} g5 {[%emt 0:01:27]} 21. hxg5 {[%emt 0:00:26]} Bd3 {[%emt 0:05:36]} 22. Nh4 {[%emt 0:04:07]} hxg5 {[%emt 0:04:12]} 23. Ra2 0-1

[Event "Steinthor Baldursson memorial 2018"]
[Site "?"]
[Date "2018.01.06"]
[Round "5"]
[White "Beerdsen, Thomas"]
[Black "Birkisson, Bardur Orn"]
[Result "1-0"]
[WhiteElo "2416"]
[BlackElo "2190"]
[Annotator "TA"]
[PlyCount "87"]
[EventDate "2018.??.??"]
[EventType "swiss"]
[EventCountry "ISL"]
[SourceTitle "Kopavogur"]

{[%evp 9,87,0,-4,0,12,7,5,6,6,7,24,15,16,6,10,1,18,11,41,35,48,48,46,20,20,20,20,20,19,19,39,40,51,42,57,58,59,59,55,56,144,127,162,140,182,162,173,175,234,214,232,227,218,202,192,136,191,191,199,199,200,138,138,131,204,214,191,144,150,149,518,517,3123,2663,29977,29977,29980,29981,29994,29995]} 1. e4 e5 2. Nf3 Nc6 3. Nc3 Nf6 4. a3 d5 5. Bb5 Nxe4 6. Qe2 {C47: Scotch Four Knights and Four Knights with 4 g3} Nxc3 7. Qxe5+ $1 Be7 (7... Qe7 8. dxc3 Bd7 9. Qe3 O-O-O 10. O-O Qxe3 11. Bxe3 a6 12. Bd3 h6 {½-½ (91) Mamedov,R (2709)-Yu,Y (2751) Huaian 2017}) 8. Qxc3 {The position is equal.} O-O 9. d4 Bf5 $146 ({Find the theoretical novelty and annotate with similar games:} 9... Nb8 10. Bf4 Bd6 11. Bxd6 Qxd6 12. O-O Bf5 {½-½ (35) Antipov,M (2580)-Nikolov,M (2585) Linares 2017}) 10. Bxc6 bxc6 11. O-O Qd6 12. Be3 Bf6 13. Qd2 Rab8 14. b4 Rfe8 15. Bf4 Qd7 16. Rae1 Be4 17. Re3 Bxf3 18. Rxf3 Re4 19. c3 Rbe8 20. Re3 R8e6 21. Rfe1 Qe7 22. h3 Rxe3 23. Rxe3 Rxe3 24. Qxe3 Qd7 (24... Qxe3 $14 25. fxe3 (25. Bxe3 Be7 $14) 25... Bd8) 25. Bxc7 $1 $16 g6 26. Be5 Bxe5 27. Qxe5 {[%mdl 4096] Endgame KQ-KQ} h5 28. a4 {[%cal Ba3a4,Ba4a5][%mdl 32]} a6 (28... Qd8 {keeps fighting.} 29. a5 Qc8) 29. Kh2 Kh7 30. Kg3 Qd8 31. a5 Kg8 32. Kh2 (32. Kf3 $18) 32... Kh7 (32... Qc8 $16 {was called for.} 33. Kg3 Qd8) 33. g3 $18 Kg8 34. Kg2 Kh7 35. g4 hxg4 36. hxg4 Kg8 (36... Qh4 $16 {might work better.}) 37. Kg3 Kh7 38. f3 {[%cal Bf2f3,Bf3f4,Bf4f5][%mdl 32]} Kg8 39. f4 Qd7 $2 {[%mdl 8192] [#]} (39... Kh7 $16 {is more resistant.} 40. Qe2 Qc8) 40. f5 $1 gxf5 (40... Qd8 $142 41. fxg6 fxg6 42. Qe6+ Kh7 43. Qxc6 Qe7 44. Qxd5 Qc7+ 45. Kh4 Qe7+ 46. g5 Qe1+ 47. Kg4 Qe2+ 48. Qf3 Qe6+ 49. Kg3 Kg8) 41. gxf5 {[%cal Bg4f5,Bf5f6][%mdl 32]} Qd8 42. f6 {White mates.} Kf8 43. Kf3 Qc8 44. Qd6+ {Precision: White = 77%, Black = 24%.} 1-0

[Event "Steinthor Baldursson memorial 2018"]
[Site "?"]
[Date "2018.01.06"]
[Round "5"]
[White "Dijkhuis, Tycho"]
[Black "Eydsteinsson, Silas"]
[Result "1-0"]
[WhiteElo "2402"]
[BlackElo "2035"]
[PlyCount "111"]
[EventDate "2018.??.??"]
[EventType "swiss"]
[EventCountry "ISL"]
[SourceTitle "Kopavogur"]
[TimeControl "5400+30"]
[WhiteClock "0:01:21"]
[BlackClock "0:02:28"]

1. e4 {[%emt 0:00:00]} e6 {[%emt 0:00:00]} 2. d4 {[%emt 0:00:11]} d5 {[%emt 0:00:00]} 3. Nd2 {[%emt 0:01:29]} dxe4 {[%emt 0:00:36]} 4. Nxe4 {[%emt 0:00:16]} Bd7 {[%emt 0:00:11]} 5. Nf3 {[%emt 0:00:45]} Bc6 {[%emt 0:00:21]} 6. Bd3 {[%emt 0:00:44]} Nd7 {[%emt 0:00:35]} 7. c3 {[%emt 0:00:47]} Ngf6 {[%emt 0:00:56]} 8. Nxf6+ {[%emt 0:02:19]} Nxf6 {[%emt 0:00:41]} 9. Bf4 {[%emt 0:01:18]} Bxf3 {[%emt 0:04:12]} 10. Qxf3 {[%emt 0:00:09]} c6 {[%emt 0:05:37]} 11. O-O {[%emt 0:00:47]} Qd5 {[%emt 0:07:19]} 12. Qe2 {[%emt 0:00:59]} Be7 {[%emt 0:03:02]} 13. Be5 {[%emt 0:03:13]} O-O {[%emt 0:07:31]} 14. Rad1 {[%emt 0:07:08]} g6 {[%emt 0:08:18]} 15. f4 {[%emt 0:07:29]} Qd7 {[%emt 0:13:37]} 16. Rf3 {[%emt 0:39:27]} Nd5 {[%emt 0:08:08]} 17. Rh3 {[%emt 0:21:37]} f5 {[%emt 0:11:14]} 18. Rf3 {[%emt 0:00:44]} Rfd8 {[%emt 0:09:23]} 19. Rff1 {[%emt 0:01:19]} b5 {[%emt 0:03:17]} 20. Rfe1 {[%emt 0:01:17]} Kf7 {[%emt 0:01:31]} 21. c4 {[%emt 0:01:41]} bxc4 {[%emt 0:00:58]} 22. Bxc4 {[%emt 0:00:03]} a5 {[%emt 0:02:31]} 23. Rd3 {[%emt 0:01:52]} Re8 {[%emt 0:02:50]} 24. Rc1 {[%emt 0:00:31]} a4 {[%emt 0:02:42]} 25. Rh3 {[%emt 0:01:52]} Kg8 {[%emt 0:01:10]} 26. g4 {[%emt 0:00:23]} a3 {[%emt 0:04:19]} 27. b3 {[%emt 0:00:23]} Rac8 {[%emt 0:01:18]} 28. Kh1 {[%emt 0:01:01]} Nb6 {[%emt 0:00:42]} 29. gxf5 {[%emt 0:00:19]} Nxc4 {[%emt 0:00:15]} 30. Qxc4 {[%emt 0:03:15]} Qd5+ {[%emt 0:00:47]} 31. Qxd5 {[%emt 0:00:05]} cxd5 {[%emt 0:00:10]} 32. Rhc3 {[%emt 0:00:12]} Rxc3 {[%emt 0:00:11]} 33. Rxc3 {[%emt 0:00:02]} exf5 {[%emt 0:00:23]} 34. Rc7 {[%emt 0:00:51]} Kf8 {[%emt 0:01:22]} 35. Kg2 {[%emt 0:00:38]} h6 {[%emt 0:00:40]} 36. Kf3 {[%emt 0:00:30]} g5 {[%emt 0:00:22]} 37. fxg5 {[%emt 0:00:39]} hxg5 {[%emt 0:00:09]} 38. h4 {[%emt 0:00:03]} gxh4 {[%emt 0:01:03]} 39. Kf4 {[%emt 0:00:06]} Ra8 {[%emt 0:00:16]} 40. Kxf5 {[%emt 0:02:37]} Ra6 {[%emt 0:00:25]} 41. Rb7 {[%emt 0:00:53]} Rc6 {[%emt 0:00:26]} 42. Rc7 {[%emt 0:00:22]} Ra6 {[%emt 0:00:14]} 43. Kg4 {[%emt 0:00:36]} Rg6+ {[%emt 0:00:58]} 44. Kf5 {[%emt 0:00:27]} Ra6 {[%emt 0:00:21]} 45. Rc8+ {[%emt 0:00:37]} Kf7 {[%emt 0:00:11]} 46. Rh8 {[%emt 0:00:19]} Rc6 {[%emt 0:00:45]} 47. Rh7+ {[%emt 0:00:18]} Ke8 {[%emt 0:00:41]} 48. Bf4 {[%emt 0:00:18]} Rf6+ {[%emt 0:00:48]} 49. Ke5 {[%emt 0:00:14]} Kd7 {[%emt 0:00:17]} 50. Bg5 {[%emt 0:00:41]} Re6+ {[%emt 0:00:34]} 51. Kxd5 {[%emt 0:00:08]} Rd6+ {[%emt 0:00:30]} 52. Ke5 {[%emt 0:00:10]} Re6+ {[%emt 0:00:12]} 53. Kd5 {[%emt 0:00:05]} Rd6+ {[%emt 0:00:12]} 54. Kc4 {[%emt 0:01:05]} Rc6+ {[%emt 0:00:24]} 55. Kd3 {[%emt 0:00:11]} Re6 {[%emt 0:00:34]} 56. Bxh4 {[%emt 0:00:07]} 1-0